000 00581nam a22001811i 4500
001 5666
090 _a5666
100 _a20170304u u u0frey50 ba
101 0 _apor
200 1 _fGretha Stevns pseud.
_aCarlota dá que falar
215 _a94 p.
_cil.
_d21 cm
300 _aGretha Stevns é pseudónimo de Daniel Jacob Eilif Mortensen
700 1 _aStevns pseud.
_bGretha
_4070
210 _cVerbo
_aLisboa
_d1981
225 2 _aCarlota
_v11
410 0 _tCarlota
996 _f0006151
_k82-93 STE
_m00000000
_n00000000
_aBMVA
_b1
_vViana do Alentejo
_xLiteratura Juvenil
_y2
_eLivro
_10
_31
990 _cLIVROS